KOHA-Header-6

The History of Mathematics (A Reader) (Record no. 1052)

000 -LEADER
fixed length control field 00339nam a2200133Ia 4500
008 - FIXED-LENGTH DATA ELEMENTS--GENERAL INFORMATION
fixed length control field 190722s9999 xx 000 0 und d
020 ## - INTERNATIONAL STANDARD BOOK NUMBER
International Standard Book Number 13:978-1-4292-2426-0
100 ## - MAIN ENTRY--PERSONAL NAME
Personal name Jobn Fauvel Jeremy
245 #4 - TITLE STATEMENT
Title The History of Mathematics (A Reader)
250 ## - EDITION STATEMENT
Edition statement 5th
260 ## - PUBLICATION, DISTRIBUTION, ETC. (IMPRINT)
Place of publication, distribution, etc New York
Name of publisher, distributor, etc W.H.Freeman
Date of publication, distribution, etc 2010
300 ## - PHYSICAL DESCRIPTION
Extent 730
942 ## - ADDED ENTRY ELEMENTS (KOHA)
Koha item type Books
Holdings
Withdrawn status Lost status Damaged status Not for loan Collection code Permanent Location Current Location Shelving location Date acquired Total Checkouts Total Renewals Full call number Barcode Date last seen Date checked out Price effective from Koha item type
        Mathematics MAJU MAJU Shelf No.B31 2019-07-22 1 1 519.5 7677 2023-04-26 2023-04-08 2019-07-22 Mathematics

Powered by Koha